Practical modern SCADA protocols: DNP3, 60870.5 and related systems

Tallennettuna:
Bibliografiset tiedot
Päätekijä: Gordon Clarke
Aineistotyyppi: Kirja
Kieli:Undetermined
Julkaistu: Amsterdam Newnes 2004
Aiheet:
Tagit: Lisää tagi
Ei tageja, Lisää ensimmäinen tagi!
Thư viện lưu trữ: Trung tâm Học liệu Trường Đại học Cần Thơ
LEADER 00568nam a2200181Ia 4500
001 CTU_62663
008 210402s9999 xx 000 0 und d
082 |a 004.62 
082 |b C597 
100 |a Gordon Clarke 
245 0 |a Practical modern SCADA protocols: DNP3, 60870.5 and related systems 
245 0 |c Gordon Clarke, Deo Reyndevs, Edwin Wright 
260 |a Amsterdam 
260 |b Newnes 
260 |c 2004 
650 |a computer network protocols,computer networks management 
904 |a TUYẾN 
980 |a Trung tâm Học liệu Trường Đại học Cần Thơ